00519 2200181 4500001002100000005001500021035002000036007000300056008004100059020002200100082001000122084001600132100002200148245007000170250001100240260004000251300004600291INLIS00000000000046720221107103320 a0010-1122000061ta221107 b 0 ind  a978-602-252-990-3 a028.5 a028.5 ELV i0 aElvina Lim Kusumo1 aIMC Llittle Scientist: Berapa Warna Pelangi? /cElvina Lim Kusumo aCet. I aJakarta :bErlangga For Kids,c2018 a32 halaman :bilustrasi berwarna ;c20 cm